000 01369cam a2200373 a 4500
001 2613481
003 OSt
005 20260313120039.0
008 980306s1998 tnua b 001 0 eng
010 _a 98003541
020 _a0805410759
_qpbk.
020 _a9780805410754
_q(pbk.)
035 _a2613481
040 _aDLC
_cDLC
_dDLC
050 0 0 _aBV2061
_b.M56 1998
082 0 0 _a266
_221
245 0 0 _aMissiology :
_ban introduction to the foundations, history, and strategies of world missions /
_cedited by John Mark Terry, Ebbie Smith and Justice Anderson.
260 _aNashville, Tenn. :
_bBroadman & Holman Publishers,
_cc1998.
300 _aix, 750 p. :
_bill. ;
_c23 cm.
336 _atext
_btxt
_2rdacontent
337 _aunmediated
_bn
_2rdamedia
338 _avolume
_bnc
_2rdacarrier
504 _aIncludes bibliographical references (p. 685-732) and indexes.
610 2 0 _aSouthern Baptist Convention
_xMissions.
650 0 _aMissions.
650 0 _aBaptists
_xMissions.
700 1 _aTerry, John Mark,
_d1949-
700 1 _aSmith, Ebbie C.
700 1 _aAnderson, Justice,
_d1929-
906 _a7
_bcbc
_corignew
_d1
_eocip
_f19
_gy-gencatlg
942 _2lcc
_cBK
999 _c21372
_d21371